Mohott jibonor sandhanot (Record no. 8436)

MARC details
000 -LEADER
fixed length control field 00505cam a2200193ua 4500
008 - FIXED-LENGTH DATA ELEMENTS--GENERAL INFORMATION
fixed length control field 150819n ii |||gr||||Z||||||asm
040 ## - CATALOGING SOURCE
Transcribing agency MAIN
041 ## - LANGUAGE CODE
-- asm
082 ## - DEWEY DECIMAL CLASSIFICATION NUMBER
Classification number 920
100 ## - MAIN ENTRY--PERSONAL NAME
Personal name Buragohain, Nirupoma,
Relator term
245 1# - TITLE STATEMENT
Title Mohott jibonor sandhanot
Statement of responsibility, etc. by Nirupoma Buragohain
250 ## - EDITION STATEMENT
Edition statement 2nd ed.
260 ## - PUBLICATION, DISTRIBUTION, ETC.
Place of publication, distribution, etc. Jorhat:
Name of publisher, distributor, etc. Shubhrajyoti prakashan,
Date of publication, distribution, etc. 2006.
300 ## - PHYSICAL DESCRIPTION
Extent 96p.
942 ## - ADDED ENTRY ELEMENTS (KOHA)
Koha item type Books
653 ## - INDEX TERM--UNCONTROLLED
Uncontrolled term Biography, genealogy & insignia
653 ## - INDEX TERM--UNCONTROLLED
Uncontrolled term Biography of some greatmen
Holdings
Withdrawn status Lost status Damaged status Not for loan Home library Current library Shelving location Date acquired Total Checkouts Full call number Barcode Date last seen Date last checked out Copy number Price effective from Koha item type
        Central Library, Naharkatiya College Central Library, Naharkatiya College General Stacks 19/09/2020 1 920 | BUR 16853 09/10/2025 27/09/2025 1 19/09/2020 Books

Naharkatiya College © 2020. All rights reserved.

Powered By